[Event "6th Shamkir Chess 2019"]
[Site "Shamkir"]
[Date "2019.04.08"]
[Round "8.5"]
[White "Giri, Anish"]
[Black "Mamedyarov, Shakhriyar"]
[Result "1/2-1/2"]
[WhiteElo "2797"]
[BlackElo "2790"]
[Annotator "TA"]
[PlyCount "84"]
[EventDate "2019.03.31"]
[EventType "tourn"]
[EventCountry "AZE"]
[SourceTitle "playchess.com"]
[Source "ChessBase"]
[SourceQuality "1"]

{[%evp 11,84,13,18,12,18,13,16,0,16,8,13,8,15,10,22,7,12,0,30,34,69,77,86,46,125,89,125,36,40,36,41,37,34,45,31,27,27,16,20,22,27,34,22,23,18,0,2,0,0,0,0,0,0,0,0,0,0,0,0,0,0,0,0,0,0,-44,-38,-66,-24,-28,-31,-24,-8,-15,0]} 1. e4 e5 2. Nf3 Nc6 3. Bc4 Bc5 4. c3 Nf6 5. d3 d6 6. O-O a6 7. a4 {C54: Giuoco Piano: 4 c3 Nf6, main lines with 5 d4 and 5 d3} Ba7 (7... O-O 8. Re1 h6 9. h3 a5 10. Nbd2 Be6 11. b3 d5 12. exd5 Nxd5 13. Ne4 Bb6 14. Ra2 f5 15. Ng3 Qf6 16. Nxe5 Nxe5 {½-½ (40) Ding,L (2813)-Anand,V (2773) Wijk aan Zee 2019}) 8. Re1 Ng4 9. Rf1 Nf6 10. Nbd2 {[%cal Bb1d2,Bd2f1,Bf1g3][%mdl 32]} Ne7 11. Re1 Ng6 12. Nf1 O-O 13. Ng3 c6 14. Bb3 Re8 15. h3 d5 {[#]} 16. Bg5 $146 ({Predecessor:} 16. d4 dxe4 17. Nxe4 Nxe4 18. Rxe4 Bf5 19. Ng5 Nh8 20. Rxe5 Rxe5 21. dxe5 Qxd1+ 22. Bxd1 {1-0 (60) Ortiz Suarez,I (2581)-Bok,B (2592) Baku 2016}) 16... Be6 17. d4 exd4 (17... h6 $14 18. dxe5 Nxe5 19. exd5 (19. Nxe5 hxg5 20. exd5 Nxd5 $11) 19... Bxd5 20. Bxf6 Qxf6 21. Bxd5 cxd5) 18. exd5 ({Don't take} 18. Nxd4 $6 Bxd4 19. Qxd4 dxe4 $14) ({Much worse is} 18. cxd4 $6 h6 $11) 18... cxd5 {[#]} 19. Nxd4 (19. Nh5 $1 $16) 19... h6 $14 20. Be3 Bd7 21. Ndf5 Bxe3 22. Nxe3 Be6 23. a5 Qc7 24. Qd4 Ne7 25. Ba4 Bd7 26. Bc2 Rad8 27. Qh4 Be6 28. Bf5 Qd7 {[%cal Re7f5]} 29. Bxe6 fxe6 30. Ng4 Nxg4 31. Qxg4 {[#] Nh5 is the strong threat.} Nc6 $1 32. Nh5 Kh7 33. Nf4 {[%cal Rf4e6]} e5 34. Qxd7 Rxd7 35. Rad1 d4 36. cxd4 Nxd4 {Threatens to win with ...Red8.} 37. Kf1 Rdd8 38. Nd3 Nb3 39. f3 Rd5 40. Nf2 Rxa5 41. Rd7 Nc5 42. Rd5 {Strongly threatening b4.} Nb3 {Accuracy: White = 63%, Black = 57%.} 1/2-1/2

[Event "6th Shamkir Chess 2019"]
[Site "Shamkir"]
[Date "2019.04.09"]
[Round "9.1"]
[White "Navara, David"]
[Black "Radjabov, Teimour"]
[Result "1/2-1/2"]
[WhiteElo "2739"]
[BlackElo "2756"]
[Annotator "TA"]
[PlyCount "80"]
[EventDate "2019.03.31"]
[EventType "tourn"]
[EventCountry "AZE"]
[SourceTitle "playchess.com"]
[Source "ChessBase"]
[SourceQuality "1"]

{[%evp 15,80,37,39,20,34,34,36,33,41,19,27,13,59,47,54,30,37,27,50,42,43,46,53,43,50,34,27,32,52,57,43,0,56,49,70,44,35,44,57,9,7,2,4,3,9,3,4,4,6,7,20,19,17,7,13,0,6,0,0,0,0,0,0,0,0,-8,-8]} 1. e4 c6 2. d4 d5 3. e5 Bf5 4. Nf3 e6 5. Be2 c5 6. Be3 cxd4 7. Nxd4 Ne7 8. O-O Nbc6 9. Bb5 {B12: Caro-Kann: Advance Variation} a6 10. Bxc6+ $1 ({Don't play} 10. Nxf5 Nxf5 11. Bxc6+ bxc6 $15) 10... Nxc6 11. Nxf5 {White is slightly better.} exf5 12. c3 Be7 13. Nd2 {[#]} Qd7 $146 ({Predecessor:} 13... Nxe5 14. Bd4 f6 15. Qb3 Qd7 16. Rfd1 Nc6 17. Nf1 Na5 18. Qc2 O-O 19. Rd3 f4 20. Rad1 Qf5 {½-½ (20) Karjakin,S (2753)-Dreev,A (2670) St Petersburg 2018}) 14. Nf3 Qe6 15. Qb3 O-O 16. Bb6 Bd8 17. Bc5 Na5 18. Qc2 {And now Nd4 would win.} Re8 19. Rfe1 Rc8 20. Nd4 {[%mdl 64] [#] Double Attack} Qd7 21. Bb4 g6 22. Bxa5 $1 Bxa5 23. Qb3 Rcd8 (23... Rc4 $11) 24. Re2 $14 Qc7 25. e6 f6 26. Rd1 Rd6 27. Nf3 Qc6 $1 {The position is equal.} 28. Red2 {[%cal Rd2d5]} Bb6 29. Rxd5 Rxd5 30. Qxd5 Qxd5 31. Rxd5 Rxe6 $11 {[%mdl 4096] Endgame KRB-KRN} 32. Kf1 Re7 33. c4 Kf7 34. b4 Bc7 35. h3 Ke8 36. a4 b6 37. b5 axb5 38. axb5 Re4 39. c5 bxc5 40. Rxc5 Kd7 {Accuracy: White = 50%, Black = 78%.} 1/2-1/2

[Event "6th Shamkir Chess 2019"]
[Site "Shamkir"]
[Date "2019.04.09"]
[Round "9.2"]
[White "Ding, Liren"]
[Black "Giri, Anish"]
[Result "1/2-1/2"]
[WhiteElo "2812"]
[BlackElo "2797"]
[Annotator "TA"]
[PlyCount "52"]
[EventDate "2019.03.31"]
[EventType "tourn"]
[EventCountry "AZE"]
[SourceTitle "playchess.com"]
[Source "ChessBase"]
[SourceQuality "1"]

{[%evp 20,52,15,19,22,0,0,0,0,0,0,0,0,0,0,0,0,0,6,0,0,0,0,0,6,6,20,13,26,5,19,0,26,0,19]} 1. d4 Nf6 2. c4 e6 3. Nf3 d5 4. Nc3 Bb4 5. Bg5 h6 6. Bxf6 Qxf6 7. e3 O-O 8. Rc1 dxc4 9. Bxc4 c5 10. O-O cxd4 11. Nxd4 Bd7 {D38: Queen's Gambit Declined: Ragozin Defence (4 Nf3 Bb4)} 12. Qb3 (12. Ne4 {looks sharper.} Qe7 13. Be2 Be8 14. Rc8 Bc6 15. Rxf8+ Qxf8 16. Nxc6 Nxc6 17. a3) 12... Nc6 13. Nxc6 Bxc3 $1 14. Qxc3 {[#] Strongly threatening Ne5.} (14. Rxc3 Bxc6 15. Bb5 Bd5 16. Bc4 Bc6 17. Bb5 {½-½ (17) Matlakov,M (2709)-Dubov,D (2694) Moscow 2018}) 14... Bxc6 15. Qxf6 gxf6 16. Rfd1 Rfd8 17. f3 f5 18. Kf2 Kg7 19. Be2 $146 ({Predecessor:} 19. Ke2) 19... Kf6 20. Rxd8 Rxd8 21. Rd1 Rxd1 (21... Rc8 {seems wilder.} 22. Rc1 Rd8) 22. Bxd1 $11 {KB-KB} b6 23. a3 Bb5 24. Bc2 Bc6 25. Bd1 Bb5 26. Bc2 Bc6 {Accuracy: White = 48%, Black = 63%.} 1/2-1/2

[Event "6th Shamkir Chess 2019"]
[Site "Shamkir"]
[Date "2019.04.09"]
[Round "9.3"]
[White "Carlsen, Magnus"]
[Black "Grischuk, Alexander"]
[Result "1-0"]
[WhiteElo "2845"]
[BlackElo "2771"]
[Annotator "TA"]
[PlyCount "77"]
[EventDate "2019.03.31"]
[EventType "tourn"]
[EventCountry "AZE"]
[SourceTitle "playchess.com"]
[Source "ChessBase"]
[SourceQuality "1"]

{[%evp 12,77,12,0,0,0,12,0,8,0,0,0,4,0,0,0,0,0,0,0,0,0,0,0,13,10,29,23,16,15,23,14,32,34,47,36,54,53,58,60,61,59,48,39,55,43,79,82,93,92,89,16,18,13,256,253,221,165,584,585,586,592,550,574,567,517,663,633]} 1. e4 e5 2. Nf3 Nc6 3. Bb5 Nf6 4. d3 Bc5 5. c3 O-O 6. O-O d6 7. Ba4 {LiveBook: 4 Games. C65: Ruy Lopez: Berlin Defence (3...Nf6), unusual lines and 4 0-0 Bc5} Ne7 8. Bc2 $146 ({Predecessor:} 8. Nbd2 Ng6 9. d4 Bb6 10. Bc2 Re8 11. Re1 c6 12. h3 h6 {1-0 (22) Karjakin,S (2753)-Jakovenko,D (2735) St Petersburg 2018}) 8... Ng6 9. d4 {The position is equal.} Bb6 10. a4 {[%cal Ba2a4,Ba4a5][%mdl 32] a5 is the strong threat.} c6 11. dxe5 Nxe5 12. Nxe5 (12. Bf4 {with more complications.} Bc7 13. h3 Re8 14. Nbd2 Ng6 15. Bh2) 12... dxe5 13. Qxd8 Rxd8 14. a5 Bc5 15. Nd2 Be6 16. Re1 b5 17. Nb3 Bxb3 18. Bxb3 Ng4 19. Re2 Rd6 20. Bg5 {aiming for Be7.} Kf8 21. Rf1 Nf6 22. g3 a6 23. Kg2 {Hoping for f4.} Nd7 24. Bc1 Ba7 25. f4 f6 26. h4 Re8 27. h5 h6 28. Ba2 c5 29. Be3 exf4 30. gxf4 {Black must now prevent e5.} Rxe4 {[#] And now ...c4 would win.} 31. Bb1 (31. Rfe1 $1 $16) 31... Re7 $11 32. Rfe1 f5 $2 (32... Nb8 $1 $11 {and Black is okay.}) 33. Bxf5 $18 Nf6 {[#]} 34. Kf3 $1 Nd5 $2 (34... Rd5 {is tougher.} 35. Bg6 Rdd7) 35. Rd2 {White is clearly winning.} Rd8 36. Be4 Red7 37. Red1 Nf6 38. Rxd7 Nxd7 39. Rd6 {Precision: White = 75%, Black = 44%.} 1-0

[Event "6th Shamkir Chess 2019"]
[Site "Shamkir"]
[Date "2019.04.09"]
[Round "9.4"]
[White "Mamedyarov, Shakhriyar"]
[Black "Karjakin, Sergey"]
[Result "1/2-1/2"]
[WhiteElo "2790"]
[BlackElo "2753"]
[Annotator "TA"]
[PlyCount "53"]
[EventDate "2019.03.31"]
[EventType "tourn"]
[EventCountry "AZE"]
[SourceTitle "playchess.com"]
[Source "ChessBase"]
[SourceQuality "1"]

{[%evp 18,53,22,29,43,25,17,8,8,6,21,23,15,26,23,21,15,15,24,25,20,0,0,0,0,0,0,0,0,0,0,0,5,0,0,0,7,0]} 1. d4 Nf6 2. c4 e6 3. Nf3 d5 4. Nc3 Be7 5. Bf4 O-O 6. e3 c5 7. dxc5 Bxc5 8. a3 Nc6 9. Qc2 Qa5 10. Rd1 Rd8 {D37: Queen's Gambit Declined: 5 Bf4} 11. Be2 Ne4 12. cxd5 $146 ({Predecessor:} 12. O-O Nxc3 13. bxc3 h6 14. a4 Ne7 15. Ne5 Bd6 16. cxd5 Nxd5 17. Bf3 Nxf4 18. exf4 Bxe5 19. Rxd8+ Qxd8 20. fxe5 {½-½ (49) Carlsen,M (2835)-Caruana,F (2832) London 2018}) 12... Nxc3 13. bxc3 {[%cal Bb2c3,Bc3c4,Bc4c5][%mdl 32]} exd5 14. O-O h6 15. a4 Bd6 16. Bxd6 Rxd6 17. c4 Rb8 18. c5 Rd8 19. Rd2 {The position is equal.} Be6 20. Rb1 Rdc8 21. Nd4 Nxd4 22. exd4 Bd7 23. Bb5 Bf5 24. Bd3 Bd7 25. Bb5 Bf5 26. Bd3 Bd7 27. Bb5 {Accuracy: White = 70%, Black = 91%.} 1/2-1/2

[Event "6th Shamkir Chess 2019"]
[Site "Shamkir"]
[Date "2019.04.09"]
[Round "9.5"]
[White "Anand, Viswanathan"]
[Black "Topalov, Veselin"]
[Result "1/2-1/2"]
[WhiteElo "2779"]
[BlackElo "2740"]
[Annotator "TA"]
[PlyCount "62"]
[EventDate "2019.03.31"]
[EventType "tourn"]
[EventCountry "AZE"]
[SourceTitle "playchess.com"]
[Source "ChessBase"]
[SourceQuality "1"]

{[%evp 17,62,6,21,0,18,8,1,0,7,14,31,29,38,38,39,38,38,44,56,48,45,31,31,27,25,22,58,19,19,17,19,19,26,23,31,17,16,8,20,20,21,0,16,0,14,0,13]} 1. e4 e5 2. Nf3 Nc6 3. Bc4 Bc5 4. d3 Nf6 5. O-O d6 6. c3 a6 7. b4 Ba7 8. a4 O-O 9. Nbd2 Ne7 10. h3 {C54: Giuoco Piano: 4 c3 Nf6, main lines with 5 d4 and 5 d3} c6 11. Re1 Ng6 12. d4 Re8 (12... exd4 13. cxd4 d5 14. Bd3 dxe4 15. Nxe4 Nxe4 16. Bxe4 {½-½ (24) Malakhov,V (2666)-Tomashevsky,E (2702) Biograd 2018}) 13. Bd3 {[#]} Qc7 $146 ({Predecessor:} 13... h6 14. b5 axb5 15. axb5 Be6 16. Nf1 Bb6 17. Be3 Rxa1 18. Qxa1 {½-½ (42) Williamson,H (2524)-Olofsson,D (2555) GER email 2015}) 14. a5 Bd7 15. Nf1 d5 16. Nxe5 $1 Nxe5 17. Bf4 {[%mdl 64] [#] Pin} Nxe4 18. Bxe4 dxe4 19. Rxe4 {[%cal Rf4e5][%mdl 64] Pin} f6 {Black wants to play ...Bf5.} 20. dxe5 fxe5 21. Bg3 Bf5 22. Re2 Qf7 23. Ne3 Rad8 24. Rd2 Rxd2 25. Qxd2 Be6 26. Re1 e4 {The position is equal.} 27. Qe2 Qf6 28. Qc2 Qg6 29. Qd2 Qf6 30. Qc2 Qg6 31. Qd2 Qf6 {Accuracy: White = 55%, Black = 60%.} 1/2-1/2